[Event "Karvina op"]
[Site "Karvina"]
[Date "2012.07.05"]
[Round "6"]
[White "Havelka, Ondrej"]
[Black "Nisztuk, Michal"]
[Result "1/2-1/2"]
[WhiteElo "1614"]
[BlackElo "1808"]
[PlyCount "73"]
[EventDate "2012.06.30"]
[EventType "swiss"]
[EventRounds "9"]
[EventCountry "CZE"]
[SourceTitle "EXT 2014"]
[Source "ChessBase"]
[SourceDate "2013.11.20"]
[SourceVersion "1"]
[SourceVersionDate "2013.11.20"]
[SourceQuality "1"]

1. e4 e5 2. Nf3 Nc6 3. d4 exd4 4. Nxd4 Bc5 5. Nxc6 Qf6 6. Qf3 Qxc6 7. Nc3 Ne7 8. Bd3 Ng6 9. Be3 0-0 10. 0-0 Ne5 11. Qe2 a6 12. f4 Ng6 13. Rae1 b5 14. Nd5 Re8 15. Qf3 d6 16. Kh1 Bxe3 17. Rxe3 Qc5 18. Re2 Bd7 19. Qg3 Qa7 20. f5 c6 21. fxg6 hxg6 22. Ne3 Qd4 23. Qf2 Be6 24. b3 c5 25. Nd5 Qxf2 26. Rexf2 Ra7 27. Nc3 Rc7 28. Nd1 c4 29. Be2 f6 30. Bf3 Rec8 31. b4 c3 32. a3 a5 33. Be2 Bc4 34. Nxc3 Bxe2 35. Nxe2 Rxc2 36. Kg1 axb4 37. Nd4 1/2-1/2

[Event "Karvina op"]
[Site "Karvina"]
[Date "2012.07.03"]
[Round "4"]
[White "Zimniokova, Marketa"]
[Black "Nisztuk, Michal"]
[Result "0-1"]
[WhiteElo "1506"]
[BlackElo "1808"]
[PlyCount "60"]
[EventDate "2012.06.30"]
[EventType "swiss"]
[EventRounds "9"]
[EventCountry "CZE"]
[SourceTitle "EXT 2014"]
[Source "ChessBase"]
[SourceDate "2013.11.20"]
[SourceVersion "1"]
[SourceVersionDate "2013.11.20"]
[SourceQuality "1"]

1. e4 e5 2. Bc4 Nf6 3. d3 d5 4. exd5 Nxd5 5. Nf3 Nc6 6. 0-0 Be7 7. Re1 Nb6 8. Bb3 Qd6 9. Nc3 a6 10. Ne4 Qg6 11. Neg5 Bxg5 12. Nxg5 0-0 13. Be3 Nd7 14. h4 Nf6 15. Bc5 h6 16. Bxf8 hxg5 17. Bc5 gxh4 18. f3 Nh5 19. Be3 Kh8 20. c3 Ne7 21. Bc2 Bf5 22. Qe2 Nd5 23. Qf2 Ndf4 24. Bxf4 Nxf4 25. Qxh4+ Kg8 26. Qh2 Bxd3 27. Bxd3 Nxd3 28. Red1 Qb6+ 29. Kh1 Nf2+ 30. Kg1 Ng4+ 0-1

[Event "Ostrava Konik op-B"]
[Site "Ostrava"]
[Date "2012.05.01"]
[Round "4"]
[White "Nisztuk, Michal"]
[Black "Brzezny, Petr"]
[Result "1-0"]
[WhiteElo "1798"]
[BlackElo "1709"]
[PlyCount "69"]
[EventDate "2012.04.28"]
[EventType "swiss"]
[EventRounds "9"]
[EventCountry "CZE"]
[SourceTitle "CBM 148 Extra"]
[Source "ChessBase"]
[SourceDate "2012.06.22"]
[SourceVersion "1"]
[SourceVersionDate "2012.06.22"]
[SourceQuality "1"]

1. e4 c6 2. d4 d5 3. Nc3 dxe4 4. Nxe4 Bf5 5. Ng3 Bg6 6. Nf3 e6 7. Ne5 Nd7 8. f4 Ngf6 9. h4 Ne4 10. Nxe4 Bxe4 11. Qe2 Nf6 12. c3 Qc7 13. Rh3 h6 14. g4 Bh7 15. g5 Nd7 16. g6 Nxe5 17. gxh7 Nd7 18. f5 0-0-0 19. fxe6 Nf6 20. exf7 Qxf7 21. Bf4 Bd6 22. Be5 Bxe5 23. dxe5 Nxh7 24. Rf3 Qe7 25. Rf4 Rhf8 26. Re4 g5 27. h5 Rfe8 28. Bh3+ Kb8 29. Bf5 Rd5 30. Bg6 Rxe5 31. Rxe5 Qxe5 32. Bxe8 Qg3+ 33. Kd2 Qd6+ 34. Kc2 Nf6 35. Rd1 1-0

[Event "Karvina op"]
[Site "Karvina"]
[Date "2006.07.??"]
[Round "3"]
[White "Nisztuk, Michal"]
[Black "Reznicek, Marcel"]
[Result "0-1"]
[WhiteElo "1891"]
[BlackElo "2112"]
[PlyCount "60"]
[EventDate "2006.07.??"]
[EventType "swiss"]
[EventRounds "7"]
[EventCountry "CZE"]
[SourceTitle "EXT 2008"]
[Source "ChessBase"]
[SourceDate "2007.11.25"]
[SourceVersion "1"]
[SourceVersionDate "2007.11.25"]
[SourceQuality "1"]

1. e4 c5 2. Nf3 g6 3. c3 d5 4. e5 Nc6 5. d4 Bg7 6. Na3 Bg4 7. Nc2 e6 8. Be2 Nge7 9. Bg5 0-0 10. Qd2 Bxf3 11. Bxf3 cxd4 12. cxd4 f6 13. exf6 Bxf6 14. Bxf6 Rxf6 15. 0-0 Nf5 16. Bg4 Qb6 17. Bxf5 gxf5 18. a4 Kf7 19. Rfe1 Rg8 20. b4 Rfg6 21. g3 h5 22. h4 Qd8 23. Kh2 Rg4 24. Ra3 Qf6 25. Rd3 f4 26. Rg1 f3 27. Rh1 Qxh4+ 28. Kg1 Rxg3+ 29. fxg3 Rxg3+ 30. Kf2 Rg2+ 0-1

[Event "Karvina op"]
[Site "Karvina"]
[Date "2006.07.??"]
[Round "1"]
[White "Nisztuk, Michal"]
[Black "Sobek, Jaroslav"]
[Result "0-1"]
[WhiteElo "1891"]
[BlackElo "2306"]
[PlyCount "58"]
[EventDate "2006.07.??"]
[EventType "swiss"]
[EventRounds "7"]
[EventCountry "CZE"]
[SourceTitle "EXT 2008"]
[Source "ChessBase"]
[SourceDate "2007.11.25"]
[SourceVersion "1"]
[SourceVersionDate "2007.11.25"]
[SourceQuality "1"]

1. e4 c5 2. Nf3 d6 3. Bc4 Nf6 4. Nc3 e6 5. d4 cxd4 6. Nxd4 a6 7. a3 b5 8. Ba2 Bb7 9. f3 Nbd7 10. Be3 Ne5 11. Nce2 d5 12. exd5 Nxd5 13. Bf2 Rc8 14. 0-0 Be7 15. f4 Ng4 16. Qd3 0-0 17. Rae1 Bf6 18. c3 g6 19. Nf3 Qc7 20. Bg3 Nde3 21. f5 Qb6 22. fxg6 Nxf1+ 23. Kxf1 hxg6 24. Ned4 Bd5 25. Rxe6 Bxe6 26. Bxe6 Ne3+ 27. Ke2 Nf5 28. Bf2 Rfe8 29. Kd2 Rxe6 0-1

[Event "Nachod op 9th"]
[Site "Nachod"]
[Date "2003.??.??"]
[Round "8"]
[White "Nisztuk, Michal"]
[Black "Vavrousek, Petr"]
[Result "1-0"]
[WhiteElo "2065"]
[BlackElo "1700"]
[PlyCount "101"]
[EventDate "2003.??.??"]
[EventType "swiss"]
[EventRounds "9"]
[EventCountry "CZE"]
[SourceTitle "EXT 2007"]
[Source "ChessBase"]
[SourceDate "2006.11.23"]
[SourceVersion "1"]
[SourceVersionDate "2006.11.23"]
[SourceQuality "1"]

1. e4 c5 2. f4 e6 3. Nf3 Ne7 4. d4 cxd4 5. Nxd4 Nbc6 6. Nb5 Ng6 7. Nd6+ Bxd6 8. Qxd6 Qe7 9. e5 Qxd6 10. exd6 b6 11. Nc3 Bb7 12. a3 Nd4 13. Kd1 Nh4 14. Be3 Ndf5 15. Bf2 Nxg2 16. Nb5 0-0 17. Bxg2 Bxg2 18. Rg1 Bf3+ 19. Kd2 Rac8 20. Nxa7 Rc4 21. a4 Nxd6 22. Bxb6 Rb4 23. Bc7 Nf5 24. Nb5 Rc4 25. b3 Rc6 26. Be5 f6 27. Bb2 Kf7 28. Ra3 d5 29. a5 Be4 30. Rc1 d4 31. a6 e5 32. a7 Rc5 33. Ra5 Rfc8 34. c3 dxc3+ 35. Rxc3 Rxc3 36. Nxc3 Rd8+ 37. Ke1 Ba8 38. fxe5 fxe5 39. Rxe5 Nd4 40. Kf2 Nxb3 41. Nb5 Rd2+ 42. Re2 Rd7 43. Rc2 Nc5 44. Ba3 Ne6 45. Rc8 Bb7 46. Nd6+ Rxd6 47. Bxd6 Bd5 48. a8Q Bxa8 49. Rxa8 g5 50. Ra7+ Kg8 51. Be5 1-0